|
|
|
|
| LEADER |
00000nas a2200000 a 4500 |
| 001 |
ssj0000393894 |
| 003 |
WaSeSS |
| 005 |
20200512172242.0 |
| 006 |
m d |
| 007 |
cr n |
| 008 |
930121c19499999gw br p s 0 0ger |
| 010 |
|
|
|a 2008234491
|z 54037386
|
| 016 |
7 |
|
|a 000261914
|2 IsJJNL
|
| 016 |
7 |
|
|a 011097018
|2 Uk
|
| 022 |
|
|
|l 0340-5370
|y 0340-5370
|
| 035 |
|
|
|a (WaSeSS)ssj0000393894
|
| 040 |
|
|
|a DLC
|b eng
|c KyU
|d OCoLC
|d MH
|d MH-BA
|d OCoLC
|d J9U
|d UKMGB
|d OCoLC
|d WaSeSS
|
| 042 |
|
|
|a pcc
|
| 050 |
0 |
0 |
|a HD28
|b .B47
|
| 245 |
0 |
0 |
|a Betriebswirtschaftliche Forschung und Praxis
|h [electronic resource].
|
| 246 |
1 |
|
|i Issues for 1949- called also:
|a BFuP
|
| 260 |
|
|
|a Wolfenbüttel :
|b Heckners Verlag
|
| 310 |
|
|
|a Bimonthly,
|b <2007->
|
| 321 |
|
|
|a Monthly,
|b 1949-
|
| 362 |
1 |
|
|a Began in 1949.
|z Cf. Deutsche Zeitschriften, 1945-1949.
|
| 500 |
|
|
|a Published: Herne : Verlag Neue Wirtschaft-Briefe, 1949-
|
| 506 |
|
|
|a License restrictions may limit access.
|
| 588 |
|
|
|a Description based on: Vol. 59, issue 6 (Nov./Dez. 2007).
|
| 588 |
|
|
|a Latest issue consulted: Vol. 59, issue 6 (Nov./Dez. 2007).
|
| 650 |
|
0 |
|a Industrial management
|v Periodicals.
|
| 655 |
|
0 |
|a Electronic journals.
|
| 780 |
0 |
0 |
|t Betriebswirtschaftliche Beiträge
|w (OCoLC)27301883
|
| 856 |
4 |
0 |
|z Full text available from Research Library: 07/01/2004 to 11/30/2010
|u https://search.proquest.com/publication/45936
|